00214nam a2200073Ia 4500008004100000082000800041100001400049245007700063240331s9999 xx 000 0 und d bLIB aLogos. ed 0aLiberation on the village :btransport and health- Logos, Vol. 16, No. 1